000 00492nam a2200169 a 4500
001 000043001
005 20201002040549.0
008 140217s2002 xxu 000 0 spa d
020 _a0310205719
040 _aDO-SdBNP
_bspa
_cBNPHU
041 1 7 _aeng
100 1 _aWarren, Rick
_d1954-
_970520
245 1 0 _aThe purpose driven llife :
_bwhat on earth am I here for? /
_cRick Warren.
260 _aGrand Rapds, Michigan :
_bZondervan.
300 _a334 p. ;
_c25 cm.
500 _aIncluye índice
999 _c42490
_d42490